00421nam a2200181Ia 4500008004000000020001500040041000800055082001700063100002000080245003700100260003700137300001200174650001100186650001000197650000700207650001400214650001100228210210b2009 xxu||||| |||| 00| 0 eng d a8131602982 aeng a303.484 CROM aCROSSLEY (Nick) aMaking sense of social movements aJaipurbRawat Publicationsc2009 avii,207 asocial asense aof amovements aMaking